| 000 | 00000nam 2200000za 4500 |
| 001 | 9.818149 |
| 003 | CaOODSP |
| 005 | 20251010115658 |
| 007 | cr ||||||||||| |
| 008 | 160520s2015 xxc|||||o f|0| 0 eng d |
| 040 | |aCaOODSP|beng |
| 043 | |an-cn--- |
| 086 | 1 |aYM32-2/2011-89-1E-PDF |
| 100 | 1 |aBéchard, Julie. |
| 245 | 10|aImmigration |h[electronic resource] : |bthe Canada–Quebec Accord / |c[by] Julie Béchard. |
| 250 | |a[Revised 24 July 2015]. |
| 260 | |aOttawa : |bLibrary of Parliament, |cc2015. |
| 300 | |ai, 6 p. : |btables. |
| 490 | 1 |aBackground paper ; |v2011-89-E |
| 500 | |a5 July 2011, revised 24 July 2015. |
| 500 | |aIssued also in French under title: Immigration : l'Accord Canada-Québec. |
| 504 | |aIncludes bibliographical references. |
| 692 | 07|2gccst|aImmigration |
| 710 | 1 |aCanada. |bParliamentary Information and Research Service. |
| 775 | 08|tImmigration |w(CaOODSP)9.818152 |
| 794 | |tImmigration : |b[Revised 5 February 2024]|w(CaOODSP)9.956092 |
| 795 | |tImmigration - the Canada–Quebec accord / |b[Revised 5 July 2011]|w(CaOODSP)9.572690 |
| 830 | #0|aBackground paper ;|v2011-89-E|w(CaOODSP)9.504772 |
| 856 | 40|qPDF|s308 KB|uhttps://publications.gc.ca/collections/collection_2016/bdp-lop/bp/YM32-2-2011-89-1-eng.pdf |